Statistics for Smallest Countries who have Attempted to Qualify for the FIFA World Cup

Click here to take the quiz!

General Stats

  • This quiz has been taken 52 times
  • The average score is 8 of 20

Answer Stats

Qualifying Attempts # Confederation Population Answer % Correct
6UEFA33,000San Marino
78%
4UEFA78,000Andorra
68%
6CONCACAF46,000St Kitts and Nevis
61%
7CONCACAF103,000Grenada
51%
5UEFA38,000Liechtenstein
51%
6UEFA50,000Faroe Islands
51%
7CONCACAF110,000Saint Vincent and the Grenadines
49%
10CONCACAF86,000Antigua and Barbuda
46%
6CONCACAF71,000Dominica
44%
6OFC103,000Tonga
39%
6CONCACAF60,000Cayman Islands
34%
6OFC18,100Cook Islands
34%
7CONCACAF62,000Bermuda
29%
5CONCACAF31,000Turks and Caicos Islands
29%
5CONCACAF28,000British Virgin Islands
29%
5CONCACAF106,000US Virgin Islands
29%
5CONCACAF4,900Montserrat
27%
5CONCACAF13,000Anguilla
24%
5OFC57,000American Samoa
22%
5CAF93,000Seychelles
22%

Score Distribution

Percentile by Number Answered

Percent of People with Each Score

Your Score History

You have not taken this quiz